000 00274nam a2200121Ia 4500
005 20251222144855.0
008 251222s9999||||xx |||||||||||||| ||spa||
082 _a300.1/D31
100 _aDavis, Morton D.
245 0 _aTeorĂ­a del Juego
264 _bAlianza
942 _cLIB
999 _c21748
_d21748